Problem solving with C++ : the object of programming

Αποθηκεύτηκε σε:
Λεπτομέρειες βιβλιογραφικής εγγραφής
Κύριος συγγραφέας: Savitch, Walter J., 1943-
Μορφή: Βιβλίο
Γλώσσα:English
Δημοσίευση: Reading, Mass. : Addison-Wesley, c1999
Έκδοση:2nd ed.
Θέματα:
Ετικέτες: Προσθήκη ετικέτας
Δεν υπάρχουν, Καταχωρήστε ετικέτα πρώτοι!

MARC

LEADER 00000nam a2200000 i 4500
001 1/2023
008 000420s1999 eng d
020 |a 0201357496 
035 |l 10060246 
040 |a GR-MY-UA  |b gre  |e aacr 
041 0 |a eng 
082 0 |a 005.133 
100 1 |a Savitch, Walter J.,   |d 1943- 
245 1 0 |a Problem solving with C++ :  |b the object of programming /  |c Walter Savitch 
250 |a 2nd ed. 
260 |a Reading, Mass. :   |b Addison-Wesley,   |c c1999 
300 |a xxv, 913 p.;  |c 24 cm. 
504 |a Includes bibliographical references and index 
650 0 0 |a C++ (Computer program language) 
852 |a INST  |b SAMOS  |e 20000420  |h 005.133 SAV  |p 005300015406  |q 005300015406  |t BK  |y 0 
901 |a BIBL3-2000-1 
909 |a Σ  |b 075047 
922 |a 3ΕΛΗ  |b 200003  |c ΤΠΕΣ/ΤΑΚΤ  |d ΠΑΠΑΣΩΤΗΡΙΟΥ 
970 |a ΓΕΝΟΥΖΟΥ  |b ΧΡΥΣΑΝΘΗ  |z 2000/04/20